000 01615nam a2200361 i 4500
001 000042838
003 DO-SdBNP
005 20251030131118.0
007 ta
008 140211s2012 dr a 001 j spa d
020 _a9789945404777
040 _aDO-SdBNP
_bspa
_cBNPHU
_erda
041 _aspa
082 4 _aRD863.44
_bS211o
_222
100 1 _aSánchez, Enriquillo,
_d1947-2004
_eautor
_926468
245 1 0 _aOferta de empleo y otros cuentos. /
_cEnriquillo Sánchez ; prólogo José Rafael Lantigua; ilustraciones, Jorge Severino.
264 _aSanto Domingo, :
_bDirección General de la Feria del Libro,
_c2012.
300 _a80 páginas :
_bilustraciones ;
_c26 cm.
336 _ardacontent
_btexto
_2txt
337 _ardamedia
_bsin mediación
_2n
338 _ardacarrier
_bvolumene
_2nc
490 1 _aEdiciones Ferilibro
500 _aEdición especial numerada, realizada con motivo de la Feria Internacional del Libro, Santo Domingo 2012, en homenaje a Enriquillo Sánchez.
505 0 _aPrólogo /
_rJosé Rafael Lantigua --
_tFlor de los sepulcros --
_tLa montaña azul --
_tBelinda (Homenaje a Julio Cortázar) --
_tRayada de pez como la noche --
_tOferta de empleo --
_tPapá Anselmo ya no me habla --
_tMaritza, no dejes que se te vaya el odio al yanqui.
590 _aInventariado, 2020/YL
650 0 _aCuentos dominicanos
_9176
650 0 _aLiteratura dominicana.
_967
700 1 _aLantigua, José Rafael,
_d1949-
_eprólogo
_91438
700 1 _aSeverino, Jorge,
_eilustracion
_957379
830 0 _aEdiciones Ferilibro
_9150
910 _aValidado. Control de calidad EMS.
942 _2ddc
_cLBS1
999 _c42327
_d42327